000 00319nam a22001337a 4500
008 170706b xxu||||| |||| 00| 0 eng d
020 _a0816612706
041 _aeng
080 _a82
100 _a22
101 _aGJL
245 _aTHE STRUCTURAL ALLEGORY RECONSTRUCTIVE ENCOUNTERS
_cFEKETE.J
942 _2udc
_cBK
999 _c20002
_d20002